| 000 | 00000nam 2200000za 4500 |
| 001 | 9.800635 |
| 003 | CaOODSP |
| 005 | 20250505133316 |
| 007 | cr ||||||||||| |
| 008 | 150511s2015 xxc|||||o f|0| 0 urd d |
| 020 | |a978-0-662-03904-4 |
| 040 | |aCaOODSP|beng |
| 043 | |an-cn--- |
| 086 | 1 |aPS38-49/2015Urd-PDF|zPS38-49/2015Ur-PDF |
| 245 | 00|a[Information for people detained under the Immigration and Refugee Protection Act] |h[electronic resource]. |
| 250 | |a[Urdu edition]. |
| 260 | |a[Ottawa] : |bCanada Border Services Agency, |cc2015. |
| 300 | |a4 p. |
| 500 | |aEnglish title supplied by the publisher. |
| 546 | |aText in Urdu. |
| 692 | 07|2gccst|aImmigrants |
| 692 | 07|2gccst|aRefugees |
| 710 | 2 |aCanada Border Services Agency. |
| 775 | 08|tInformation for people detained under the Immigration and Refugee Protection Act |w(CaOODSP)9.800548 |
| 792 | |t[Renseignements à l'intention des personnes détenues en vertu de la Loi sur l'immigration et la protection des réfugiés] |efre|w(CaOODSP)9.800636 |
| 856 | 40|qPDF|s658 KB|uhttps://publications.gc.ca/collections/collection_2015/asfc-cbsa/PS38-49-2015-urd.pdf |
| 986 | |aBSF5012-12 |